| 000 | 01802nam a2200481 i 4500 | ||
|---|---|---|---|
| 001 | DIGUSALLE0032 | ||
| 003 | NyNyDIG | ||
| 006 | m o d | ||
| 007 | cr ||||||||||| | ||
| 008 | 200930s2018 ck a ob 000 0 spa d | ||
| 035 | _a(OCoLC)1222958083 | ||
| 040 |
_aDGITA _beng _erda _epn _cDGITA |
||
| 020 |
_a9789585486164 _qeBook |
||
| 020 |
_a9585486164 _qeBook |
||
| 020 |
_z9789585486157 _qimpreso |
||
| 020 |
_z9585486156 _qimpreso |
||
| 050 | 1 | 4 | _aRE952.5.C45 ebook |
| 082 | 0 | 4 | _a618.920977 |
| 100 | 1 |
_aFigueroa Olarte, Luisa Fernanda, _eauthor. |
|
| 245 | 1 | 0 |
_aPrincipios de optometría pediátrica / _cLuisa Fernanda Figueroa Olarte, Nancy Piedad Molina Montoya. |
| 250 | _aPrimera edición. | ||
| 264 | 1 |
_aBogotá, D,C, : _bEdiciones Unisalle, _c2018. |
|
| 300 |
_a1 online resource. : _billustrations. |
||
| 336 |
_atext _btxt _2rdacontent |
||
| 337 |
_acomputer _bc _2rdamedia |
||
| 338 |
_aonline resource _bcr _2rdacarrier |
||
| 347 |
_atext file _2rdaft |
||
| 347 | _bPDF | ||
| 504 | _aIncludes bibliographical references. | ||
| 588 | 0 | _aOnline resource; title from PDF title page (Digitalia, viewed September 30, 2020) | |
| 650 | 0 | _aPediatric optometry. | |
| 650 | 0 |
_aEye _xExamination. |
|
| 650 | 0 | _aVision. | |
| 650 | 0 | _aChildren. | |
| 655 | 0 | _aElectronic books. | |
| 700 | 1 |
_aMolina Montoya, Nancy Piedad, _eauthor. |
|
| 791 | 2 |
_aDigitalia (Firm), _edistributor. |
|
| 793 | 0 |
_gDigitalia eBook Collection: _aUniversidad de La Salle |
|
| 776 | 0 | 8 |
_iPrint version: _aFigueroa Olarte, Luisa Fernanda. _tPrincipios de optometría pediátrica. _bPrimera edición. _dBogotá, D,C, : Ediciones Unisalle, 2018 _z9789585486157 |
| 856 | 4 | 0 |
_3Digitalia Hispánica _uhttps://www.digitaliapublishing.com/a/65605/ |
| 910 | _aPremium collection: 2020 | ||
| 942 | _cRAA | ||
| 999 |
_c261005 _d261005 |
||